Vainqueurs de la Serie A - Statistiques

Statistiques générales
  • Ce quiz a été pris 1 202 fois
    357 depuis la dernière actualisation
  • Le résultat moyen est 99 sur 121
Statistiques - réponses
Saison Vainqueur % Correct
1909-1910 | 1919-1920 | 1929-1930 | +17 others Inter Milan
100%
1905 | 1925-1926 | 1930-1931 | +33 others Juventus
99%
1901 | 1906 | 1907 | +16 others Milan
98%
1986-1987 | 1989-1990 | 2022-2023 | 2024-2025 Naples
97%
1941-1942 | 2000-2001 Rome
91%
1973-1974 | 1999-2000 Lazio
89%
1982-1983 Rome
71%
1955-1956 | 1968-1969 Fiorentina
69%
1927-1928 | 1942-1943 | 1945-1946 | +4 others Torino
62%
1924-1925 | 1928-1929 | 1935-1936 | +4 others Bologne
61%
1898 | 1899 | 1900 | +6 others Genoa
55%
1990-1991 Sampdoria
50%
1969-1970 Cagliari
39%
1984-1985 Hellas Verone
39%
1908 | 1909 | 1910-1911 | +4 others Pro Vercelli
9%
1913-1914 Casale
3%
1921-1922 FIGC Novese
2%
Aucun quiz correspondant
Distribution des résultats
% des personnes avec chaque résultat
Percentile par nombre de réponses
Votre historique - résultats
Vous n’avez pas pris ce quiz depuis la dernière actualisation